Library Banner

Talash i haq laelaha illallaho Muhammad ur Rasoolullah = تلاش حق لاالہ الااللہ محمد رسول اللہ / (Record no. 134130)

MARC details
000 -LEADER
fixed length control field 00551nam a22001457a 4500
005 - DATE AND TIME OF LATEST TRANSACTION
control field 20240520114914.0
008 - FIXED-LENGTH DATA ELEMENTS--GENERAL INFORMATION
fixed length control field 240520b ||||| |||| 00| 0 eng d
040 ## - CATALOGING SOURCE
Transcribing agency PK-LaUMT
082 ## - DEWEY DECIMAL CLASSIFICATION NUMBER
Classification number APC 297.4092
Item number FAI-T
100 ## - MAIN ENTRY--PERSONAL NAME
Personal name Faiz ul Haq Faiz = فیض الحق فیض
245 ## - TITLE STATEMENT
Title Talash i haq laelaha illallaho Muhammad ur Rasoolullah = تلاش حق لاالہ الااللہ محمد رسول اللہ /
Statement of responsibility, etc by Faiz ul Haq Faiz = فیض الحق فیض
260 ## - PUBLICATION, DISTRIBUTION, ETC. (IMPRINT)
Place of publication, distribution, etc Sargodah :
Name of publisher, distributor, etc Anjuman Astan i Fazal,
Date of publication, distribution, etc 1983
300 ## - PHYSICAL DESCRIPTION
Extent 149 p.
942 ## - ADDED ENTRY ELEMENTS (KOHA)
Koha item type Books
Holdings
Withdrawn status Lost status Damaged status Home library Current library Date acquired Full call number Barcode Date last seen Price effective from Koha item type
      UMT Main Campus UMT Main Campus 2024-05-20 APC 297.4092 FAI-T 146888 2024-05-20 2024-05-20 Books